Celorico de Basto (Registo nº 633)

Detalhes MARC
000 -Etiqueta do registo
Cabeçalho 00738cam a2200265 4500
005 - Identificador da versão
Campo de controlo 20240822153515.0
021 ## - Número do Depósito Legal
Código do país PT
Número 24013/88
035 ## - Other System Control Numbers
System Control Number 0000661
System Control Number 0000657
System Control Number 0000657
System Control Number 0000645
100 ## - Dados gerais de processamento
Dados gerais de processamento 19890323d1988 em.d0pory5003 ba
101 0# - Língua de publicação
Língua do texto, banda sonora, etc. Português
102 ## - Pais de publicação ou produção
País de publicação Portugal
105 ## - Campo de dados codificados: livros
Dados codificados dos livros a z 001yy
106 ## - Campo de dados codificados: material textual
Dados codificados do material textual r
200 1# - Titulo e menção de responsabilidade
Título próprio Celorico de Basto
Informação de outro título a terra e as gentes
-- memória do passado, esperança no futuro
Primeira menção de responsabilidade compil. João Marinho de Lemos
210 ## - Publicação, Distribuição, etc. 
Lugar da edição, distribuição, etc. Celorico de Basto
Nome do editor, distribuidor, etc. Câmara Municipal
Data da publicação, distribuição, etc. imp. 1988
215 ## - Descrição física 
Indicação específica da natureza do documento e extensão da espécie 156, [1] p.
Outras indicações físicas il.
Dimensões 25 cm
320 ## - Nota relativa a bibliografia e índices internos 
Texto da nota Bibliografia, p. 153
675 ## - Classificação Decimal Universal (CDU)
Notação 908.469.112
Edição BN
Língua da edição por
702 #1 - Nome de autor-pessoa física (responsabilidade secundária)
Número de registo de entrada de autoridade 0000795
Palavra de ordem Lemos
Outra parte do nome não tomada para palavra de ordem João Marinho de
Código de função Compilador
942 ## - Elementos de entrada adicionados (Koha)
Tipo de item no Koha Livro
Exemplares
Situação do levantamento Origin of item (home branch) (coded) Biblioteca de empréstimo Código de barras Cota Circulation type (not for loan) Tipo de documento Nota do exemplar Damaged status
  Biblioteca Escolar Eng. Nuno Mergulhão Biblioteca Escolar Eng. Nuno Mergulhão BENM270 9PT LEM   Livro Sem mensagem  
  Biblioteca Escolar Eng. Nuno Mergulhão Biblioteca Escolar Eng. Nuno Mergulhão BENM341 9PT LEM   Livro Sem mensagem